[Event "Milan"]
[Site "Milan"]
[Date "1996.??.??"]
[Round "3"]
[White "Efimov, Igor"]
[Black "Vujovic, Milivoje"]
[Result "1/2-1/2"]
[WhiteElo "2455"]
[BlackElo "2345"]
[PlyCount "63"]
[EventDate "1996.??.??"]
[EventType "tourn"]
[EventRounds "9"]
[EventCountry "ITA"]
[EventCategory "3"]
[SourceTitle "EXT 1998"]
[Source "ChessBase"]
[SourceDate "1997.11.17"]
[SourceVersion "1"]
[SourceVersionDate "1997.11.17"]
[SourceQuality "1"]

1. d4 Nf6 2. c4 e6 3. Nc3 Bb4 4. Nf3 0-0 5. e3 d5 6. Bd3 c5 7. a3 cxd4 8. exd4 Bxc3+ 9. bxc3 dxc4 10. Bxc4 Qc7 11. Qd3 b6 12. 0-0 Bb7 13. Ba2 Ba6 14. c4 Rc8 15. Nd2 Nc6 16. Bb2 Rd8 17. f4 Rd7 18. Qe3 Rad8 19. d5 exd5 20. Bxf6 gxf6 21. cxd5 Bxf1 22. Ne4 Rd6 23. Rxf1 Ne7 24. Qg3+ Kh8 25. Qh3 Ng8 26. Nxd6 Qxd6 27. Bb1 h6 28. Qd3 Kg7 29. Qg3+ Kh8 30. Qd3 Kg7 31. Qg3+ Kh8 32. Rd1 1/2-1/2

[Event "Milan"]
[Site "Milan"]
[Date "1996.??.??"]
[Round "7"]
[White "Magrini, Riccardo"]
[Black "Vujovic, Milivoje"]
[Result "1/2-1/2"]
[WhiteElo "2300"]
[BlackElo "2345"]
[PlyCount "45"]
[EventDate "1996.??.??"]
[EventType "tourn"]
[EventRounds "9"]
[EventCountry "ITA"]
[EventCategory "3"]
[SourceTitle "EXT 1998"]
[Source "ChessBase"]
[SourceDate "1997.11.17"]
[SourceVersion "1"]
[SourceVersionDate "1997.11.17"]
[SourceQuality "1"]

1. d4 Nf6 2. Nf3 d5 3. g3 g6 4. Bg2 Bg7 5. 0-0 0-0 6. c4 dxc4 7. Na3 c5 8. Nxc4 cxd4 9. Qxd4 Nc6 10. Qh4 Bg4 11. Be3 Qc8 12. Rac1 Rd8 13. h3 Be6 14. b3 Bd5 15. Nce5 Qe6 16. Nxc6 bxc6 17. Nd4 Qd7 18. Nxc6 Bxg2 19. Kxg2 Rdc8 20. Qa4 Nd5 21. Bd4 Bxd4 22. Nxd4 Qxa4 23. bxa4 1/2-1/2

[Event "Edoardo Crespi mem 17th"]
[Site "Milan"]
[Date "1996.??.??"]
[Round "7"]
[White "Murgia, Andrea"]
[Black "Vujovic, Milivoje"]
[Result "1-0"]
[WhiteElo "2175"]
[BlackElo "2310"]
[PlyCount "73"]
[EventDate "1996.12.15"]
[EventType "swiss"]
[EventRounds "9"]
[EventCountry "ITA"]
[SourceTitle "EXT 1998"]
[Source "ChessBase"]
[SourceDate "1997.11.17"]
[SourceVersion "1"]
[SourceVersionDate "1997.11.17"]
[SourceQuality "1"]

1. e4 c6 2. d4 Na6 3. Nf3 g6 4. c3 Nc7 5. Nbd2 Bg7 6. Bd3 d6 7. 0-0 Nf6 8. e5 dxe5 9. Nxe5 0-0 10. Ndf3 Nfd5 11. Re1 f6 12. Nc4 Be6 13. Qc2 Bf7 14. Bd2 Qd7 15. Re4 Rad8 16. Rae1 Rfe8 17. h4 b5 18. Na5 Nb6 19. Nb7 Rb8 20. Nc5 Qd8 21. h5 Nd7 22. hxg6 hxg6 23. Ne6 Nxe6 24. Rxe6 Bxe6 25. Rxe6 Nf8 26. Rxc6 Qd5 27. Rc5 Qxa2 28. Nh4 Rec8 29. Nxg6 Nxg6 30. Bxg6 Rxc5 31. dxc5 Qc4 32. Be3 b4 33. Bd3 Qa2 34. c6 b3 35. Bc4+ Kh8 36. Qf5 e6 37. Qh5+ 1-0

[Event "Turin op"]
[Site "Turin"]
[Date "1996.??.??"]
[Round "6"]
[White "Smyslov, Vassily V"]
[Black "Vujovic, Milivoje"]
[Result "1/2-1/2"]
[WhiteElo "2510"]
[BlackElo "2310"]
[PlyCount "48"]
[EventDate "1996.12.??"]
[EventType "swiss"]
[EventRounds "9"]
[EventCountry "ITA"]
[SourceTitle "EXT 1998"]
[Source "ChessBase"]
[SourceDate "1997.11.17"]
[SourceVersion "1"]
[SourceVersionDate "1997.11.17"]
[SourceQuality "1"]

1. e4 c6 2. d3 d5 3. Nd2 g6 4. f4 dxe4 5. dxe4 Nf6 6. Ngf3 Bg7 7. g3 0-0 8. Bg2 Na6 9. Qe2 Nb4 10. Nb3 b6 11. Nfd4 Ba6 12. Qd2 c5 13. e5 Ng4 14. a3 Nd3+ 15. cxd3 cxd4 16. Qe2 Nh6 17. Qe4 Rb8 18. Nxd4 Bb7 19. Nc6 Bxc6 20. Qxc6 Qxd3 21. Qe4 Qa6 22. Qe2 Qa4 23. Qe4 Qa6 24. Qe2 Qa4 1/2-1/2

[Event "Edoardo Crespi mem 17th"]
[Site "Milan"]
[Date "1996.??.??"]
[Round "6"]
[White "Vujovic, Milivoje"]
[Black "Cazzaniga, Walter"]
[Result "1-0"]
[WhiteElo "2310"]
[BlackElo "2235"]
[PlyCount "110"]
[EventDate "1996.12.15"]
[EventType "swiss"]
[EventRounds "9"]
[EventCountry "ITA"]
[SourceTitle "EXT 1998"]
[Source "ChessBase"]
[SourceDate "1997.11.17"]
[SourceVersion "1"]
[SourceVersionDate "1997.11.17"]
[SourceQuality "1"]

1. e4 e6 2. d3 c5 3. g3 Nc6 4. Bg2 g6 5. f4 Bg7 6. Nf3 Nge7 7. c3 d5 8. e5 Nf5 9. g4 Nh4 10. 0-0 Nxg2 11. Kxg2 f6 12. d4 0-0 13. Be3 b6 14. Nbd2 Qe7 15. h4 Ba6 16. Rf2 cxd4 17. cxd4 Nb4 18. Qa4 Rac8 19. Rh1 Bd3 20. Qa3 a5 21. Kg3 Qb7 22. Ne1 Be4 23. Ndf3 fxe5 24. fxe5 Rf7 25. Rhf1 Bf8 26. Qb3 Qa6 27. a3 Nc2 28. Nxc2 a4 29. Qa2 Rxc2 30. Ne1 Rfxf2 31. Rxf2 Re2 32. Rxe2 Qxe2 33. Bf2 h5 34. g5 Qg4+ 35. Kh2 Qf4+ 36. Kg1 Qf5 37. Kf1 Bd3+ 38. Nxd3 Qxd3+ 39. Ke1 b5 40. Qa1 b4 41. Qd1 Qe4+ 42. Kd2 Qf4+ 43. Ke1 b3 44. Qd2 Qe4+ 45. Kd1 Be7 46. Qc3 Kf7 47. Kd2 Bd8 48. Qc5 Qb1 49. Qc3 Qf1 50. Ke3 Qb5 51. Qd3 Qc6 52. Kd2 Ba5+ 53. Kd1 Ke8 54. Qxg6+ Kd8 55. Qf6+ Kc7 1-0

[Event "Turin op"]
[Site "Turin"]
[Date "1996.??.??"]
[Round "8"]
[White "Vujovic, Milivoje"]
[Black "Godena, Michele"]
[Result "0-1"]
[WhiteElo "2310"]
[BlackElo "2550"]
[PlyCount "84"]
[EventDate "1996.12.??"]
[EventType "swiss"]
[EventRounds "9"]
[EventCountry "ITA"]
[SourceTitle "EXT 1998"]
[Source "ChessBase"]
[SourceDate "1997.11.17"]
[SourceVersion "1"]
[SourceVersionDate "1997.11.17"]
[SourceQuality "1"]

1. c4 e5 2. g3 Nc6 3. Bg2 g6 4. Nc3 Bg7 5. Rb1 Nf6 6. a3 0-0 7. b4 Re8 8. d3 Ne7 9. Nf3 d6 10. 0-0 h6 11. Bd2 Be6 12. c5 Nd7 13. cxd6 cxd6 14. Rc1 Nb6 15. Nb5 Nc6 16. a4 a6 17. Na3 d5 18. a5 Nc8 19. Rb1 Nd6 20. Ne1 Qd7 21. Nec2 e4 22. Bf4 Ne5 23. Na1 exd3 24. exd3 Bg4 25. f3 Bf5 26. Bxe5 Bxe5 27. Nb3 Nb5 28. Nxb5 Qxb5 29. Nc1 Bd4+ 30. Kh1 Re3 31. Qd2 Rae8 32. Rd1 h5 33. h3 Qd7 34. Kh2 Qc7 35. h4 Bf6 36. f4 Bxh4 37. Rf1 Bxg3+ 38. Kg1 Bxf4 39. Nb3 Bxd3 40. Rbd1 Qe5 41. Nc5 Bxf1 42. Rxf1 Rf3 0-1

[Event "Caorle op"]
[Site "Caorle"]
[Date "1989.??.??"]
[Round "7"]
[White "Vujovic, Milivoje"]
[Black "Osmanbegovic, Suad"]
[Result "1/2-1/2"]
[WhiteElo "2310"]
[BlackElo "2240"]
[PlyCount "35"]
[EventDate "1989.07.??"]
[EventType "swiss"]
[EventRounds "8"]
[EventCountry "ITA"]
[SourceTitle "EXT 2000"]
[Source "ChessBase"]
[SourceDate "1999.11.16"]
[SourceVersion "1"]
[SourceVersionDate "1999.11.16"]
[SourceQuality "1"]

1. e4 g6 2. d4 c5 3. dxc5 Bg7 4. Nc3 Qa5 5. Nge2 Nf6 6. Ng3 Qxc5 7. Be3 Qa5 8. Bc4 Nc6 9. f3 b5 10. Bb3 d6 11. 0-0 0-0 12. Qd2 Be6 13. Rad1 Rac8 14. Nge2 a6 15. Nf4 Bc4 16. Rfe1 Qc7 17. Bxc4 bxc4 18. Ncd5 1/2-1/2